Spotreba domácností na Slovensku

Informácia o stave a vývoji spotreby domácností na Slovensku v kontexte transformačného procesu a v kontexte začleňovania Slovenska do Európskej únie. Štruktúra spotreby domácností v krajinách V4 v roku 1998. Štruktúra spotreby domácností vybraných krajín EÚ v roku 1999.

Enregistré dans:
Détails bibliographiques
Auteur principal: Bednárik, Rastislav
Format: Chapitre de livre
Langue:slovaque
Sujets:
Tags: Ajouter un tag
Pas de tags, Soyez le premier à ajouter un tag!

MARC

LEADER 00000naa a2200000 4500
001 r044396
005 20230807083535.7
041 0 |a slo 
044 |a SK 
245 1 0 |a Spotreba domácností na Slovensku  |c Rastislav Bednárik 
520 |a Informácia o stave a vývoji spotreby domácností na Slovensku v kontexte transformačného procesu a v kontexte začleňovania Slovenska do Európskej únie. Štruktúra spotreby domácností v krajinách V4 v roku 1998. Štruktúra spotreby domácností vybraných krajín EÚ v roku 1999. 
610 2 0 |a úroveň životná 
610 2 0 |a spotreba domácností 
610 2 0 |a spotreba obyvateľstva 
610 2 0 |a domácnosti 
610 2 0 |a Slovensko 
610 2 0 |a Európska únia 
610 2 0 |a SVE 
610 2 0 |a transformácia 
100 1 |a Bednárik, Rastislav